000 01014nam a2200325 4500
001 69812
010 _a9789898145932
021 _aPT
_b451875/19
090 _a69812
100 _a20190527d2022 a||y0pory50030103ba
101 0 _apor
102 _aPT
105 _aa z 000fy
106 _ar
200 1 _aAqui é um bom lugar
_fAna Pessoa
_gil. Joana Estrela
210 9 _aCarcavelos
_cPlaneta Tangerina
_d2022
215 _a[222]
_cil.
225 2 _aDois passos e um salto
675 _a087.5
_vBN
_zpor
675 _a821.134.3-93"20"
_vBN
_zpor
675 _a821.134.3-34"20"
_vBN
_zpor
700 _aPessoa
_bAna
_f1982-
_936297
702 1 _aEstrela
_bJoana
_f1990-
_4440
_948712
801 0 _aPT
_bBN
_gRPC
942 _cMON
_n0